| 000 | 00404nam a22001217a 4500 | ||
|---|---|---|---|
| 008 | 230609b xxu||||| |||| 00| 0 eng d | ||
| 082 |
_a35462007232 _bGOK |
||
| 245 |
_aReport of the Public Accounts Committee on the Government of Kenya Accounts for the Year 2005/2006 _cGovernment of Kenya |
||
| 260 |
_aKenya _bGovernment of Kenya _c2006 |
||
| 300 | _a655 p | ||
| 710 | _bGovernment of Kenya | ||
| 942 |
_2ddc _cBK |
||
| 999 |
_c873 _d873 |
||